Ricostruisci la Carriera del Calciatore - Jordan Pickford - Statistics

Statistiche generali
  • Questo quiz è stato fatto 6 volte
  • Il punteggio medio è 2 su 9
Statistiche sulle risposte
Hint Risposta % Corretto
2017- Everton
100%
2016-2017 Sunderland
40%
2014 Carlisle Utd
20%
2012-2013 Darlington
20%
2015-2016 Preston N.E.
20%
2011-2012 Sunderland
20%
2013 Alfreton Town
0%
2014-2015 Bradford City
0%
2013-2014 Burton Albion
0%
Nessun quiz corrispondente trovato
Distribuzione punteggi
Percentuale di utenti per punteggio
Percentile per numero di risposta
I tuoi punteggi nel tempo
Non hai fatto questo quiz